Statistics for Guess the Taylor Swift Lyrics 3.0

Click here to take the quiz!

General Stats

  • This quiz has been taken 122 times
  • The average score is 208 of 303

Answer Stats

% Correct
I
99%
a
96%
You
95%
you
95%
the
93%
an
92%
And
92%
and
92%
in
91%
me
91%
is
89%
it
89%
on
87%
on,
87%
your
87%
To
84%
to
84%
you're
84%
I'm
83%
love
83%
of
83%
be
82%
it's
82%
It's
82%
when
82%
That
81%
that
81%
My
80%
my
80%
for
79%
this
79%
This
79%
too
79%
not
78%
one
78%
Who
78%
but
77%
so
77%
was
76%
know
74%
her
73%
are
72%
up
71%
Say
70%
Just
69%
just
69%
Now
69%
now,
69%
now
69%
off
69%
all
68%
like
68%
There
68%
there
68%
'Cause
66%
late
66%
come
65%
As
64%
had
62%
have
62%
oh
62%
Oh,
62%
didn't
61%
down
61%
out
61%
around
60%
white
59%
horse
58%
time
58%
got
57%
you'll
57%
girl,
56%
about
55%
well
55%
fairy
54%
back
53%
never
53%
sorry
53%
sorry,
53%
ain't
52%
before
52%
princess,
52%
town
52%
eyes
51%
small
51%
tale
51%
let
50%
went
50%
feet
46%
hand
46%
always
45%
face
45%
known,
45%
known
45%
should've
45%
stairwell
45%
angel
44%
find
44%
Hollywood,
44%
Lead
44%
need
44%
wanted
44%
dreamer
43%
dreams
43%
gonna
43%
many
43%
really
43%
sweep
43%
days
42%
fairytale
41%
knees
41%
lost
41%
someone
41%
Try
41%
begging
40%
Begging
40%
big
40%
catch
40%
Comes
40%
forth
40%
Stupid
40%
upper
40%
believed
39%
might
39%
forgiveness,
38%
honestly
38%
Maybe
38%
treat
38%
actually
37%
fight
37%
world,
37%
chance
36%
Happy
35%
mistake,
35%
naive,
34%
someday
34%
drag
33%
mirror
33%
paced
33%
endings,
32%
disappearing
31%
Holdin'
31%
rear-view
30%
whoa,
26%
whoa
26%

Score Distribution

Percentile by Number Answered

Percent of People with Each Score

Your Score History

You have not taken this quiz